[Event "43rd Doeberl Cup"]
[Site "Canberra AUS"]
[Date "2005.03.28"]
[Round "7"]
[White "West,G"]
[Black "Humphrey,J"]
[Result "1/2-1/2"]
[WhiteElo "2350"]
[BlackElo "2150"]

1.e4 c5 2.Nc3 e6 3.Nf3 a6 4.d4 cxd4 5.Nxd4 b5 6.Bd3 Qb6 7.Nb3 Qc7 8.O-O Bb7
9.Be3 Nf6 10.a3 d6 11.f4 Be7 12.Qf3 Nbd7 13.Qg3 O-O 14.Rae1 Rfe8 15.Kh1 e5
16.Bc1 Nh5 17.Qf3 Nxf4 18.g3 Nxd3 19.Qxf7+ Kh8 20.cxd3 Nf6 21.Nd2 Rad8 22.Nf3 Rf8
23.Qb3 h6 24.h3 d5 25.Kh2 dxe4 26.dxe4 Rd3 27.Nh4 Kh7 28.Qc2 Rfd8 29.Qf2 Bc8  1/2-1/2

[Event "Open"]
[Site "Coventry ENG"]
[Date "2005.03.28"]
[Round "9"]
[White "Efimenko,Z"]
[Black "Dearing,E"]
[Result "1-0"]
[WhiteElo "2601"]
[BlackElo "2408"]

1.e4 c5 2.Nf3 e6 3.d4 cxd4 4.Nxd4 a6 5.Nc3 Qc7 6.Be2 Nf6 7.O-O Bc5 8.Bg5 Nc6
9.Nxc6 bxc6 10.Kh1 Rb8 11.f4 Qa7 12.Rb1 Bd4 13.Qd3 O-O 14.e5 Nd5 15.Nxd5 cxd5
16.c3 Bb6 17.Qg3 Kh8 18.Bd3 f5 19.exf6 gxf6 20.Qh4 d6 21.Bxf6+ Rxf6 22.Qxf6+ Qg7
23.Qxg7+ Kxg7 24.Rf3 Bb7 25.Re1 Kf6 26.Rh3  1-0

[Event "Ettinger It"]
[Site "Givataim ISR"]
[Date "2005.03.28"]
[Round "7"]
[White "Volman,H"]
[Black "Bykhovsky,Av"]
[Result "0-1"]
[WhiteElo "2197"]
[BlackElo "2451"]

1.e4 c5 2.Nf3 e6 3.d4 cxd4 4.Nxd4 a6 5.Nc3 d6 6.Be2 b5 7.a3 Bb7 8.f4 Nd7
9.O-O Ngf6 10.Bf3 Qc7 11.Kh1 Rc8 12.Qe1 Nb6 13.Qf2 Be7 14.Re1 O-O 15.e5 Nfd5
16.Nxd5 Bxd5 17.c3 dxe5 18.fxe5 Bc5 19.Qg3 Bxd4 20.cxd4 f5 21.Bd2 Bxf3 22.Qxf3 Rfd8
23.Rec1 Qd7 24.Ba5 Rxc1+ 25.Rxc1 Qxd4 26.h3 Rd5 27.Bxb6 Qxb6 28.Rc8+ Rd8
29.Rxd8+ Qxd8 30.Qc6 Kf7 31.Qxa6 Qb8 32.b3 Qxe5 33.a4 bxa4 34.bxa4 g5 35.a5 h5
36.Qb7+ Kf6 37.a6 g4 38.Qb1 Qa5 39.Qf1 g3 40.Kg1 h4 41.Kh1 Ke7 42.Kg1 Qc5+
43.Kh1 Qd4 44.Qb1 Kf6 45.Qc1 Qa4 46.Qh6+ Ke5 47.Qg7+ Kd6 48.Qf8+ Kd5 49.Qd8+ Ke4
50.Qxh4+ f4 51.Qh7+ Ke3 52.Qb1 Qxa6 53.Qb3+ Ke4 54.Qf3+ Ke5 55.Qh5+ Kd6 56.Qd1+ Ke7
57.Qc1 Qd6 58.Qc2 Qd4 59.Qb1 Kf6 60.h4 f3  0-1

[Event "ch-RUS w 1st League"]
[Site "Samara RUS"]
[Date "2005.03.28"]
[Round "6"]
[White "Komiagina,M"]
[Black "Shadrina,T"]
[Result "1/2-1/2"]
[WhiteElo "2312"]
[BlackElo "2396"]

1.e4 c5 2.Nf3 e6 3.d4 cxd4 4.Nxd4 a6 5.Nc3 b5 6.Bd3 Qb6 7.Nb3 d6 8.a4 b4
9.a5 Qc7 10.Na4 Nd7 11.Be3 Rb8 12.Nb6 Bb7 13.Qe2 Ngf6 14.Bxa6 Bxe4 15.Bb5 Bxg2
16.Rg1 Bc6 17.Nd4 Bxb5 18.Qxb5 Be7 19.Nc6 Bd8 20.Nxb8 Qxb8 21.O-O-O g6 22.Bh6 Ke7
23.Bg7 Bxb6 24.axb6 Rc8 25.Qxb4 Rc6 26.Bxf6+ Kxf6 27.b7 Rb6 28.Qd4+ e5 29.Qd5 Ke7
30.b3  1/2-1/2

[Event "ch-RUS w 1st League"]
[Site "Samara RUS"]
[Date "2005.03.30"]
[Round "8"]
[White "Malysheva,P"]
[Black "Shulakova,S"]
[Result "1-0"]
[WhiteElo "2283"]
[BlackElo "2198"]

1.e4 c5 2.Nf3 e6 3.d4 cxd4 4.Nxd4 a6 5.Nc3 Ne7 6.Be3 Nbc6 7.Nb3 b5 8.Qd2 Ng6
9.O-O-O Bb4 10.f4 Na5 11.Qd4 Nxb3+ 12.axb3 Be7 13.Qxg7 Bf6 14.Qh6 Qa5 15.e5 Be7
16.Bd3 Bf8 17.Qh5 Bb7 18.f5 b4 19.fxg6 bxc3 20.gxf7+ Kd8 21.bxc3 Qxc3 22.Qh4+ Kc7
23.Qc4+ Qxc4 24.Bxc4 Bxg2 25.Rhg1 Be4 26.Rd4 Bc6 27.Kb2 h5 28.Rg8 Bc5 29.Rxh8 Rxh8
30.Rxd7+  1-0

[Event "ch-EU"]
[Site "Cork IRL"]
[Date "2005.03.31"]
[Round "10"]
[White "Berzinsh,R"]
[Black "Janz,F"]
[Result "1-0"]
[WhiteElo "2454"]
[BlackElo "2376"]

1.e4 c5 2.Nf3 e6 3.Nc3 a6 4.d4 cxd4 5.Nxd4 Qc7 6.Bd3 b5 7.O-O Bc5 8.Nb3 Be7
9.Qg4 g6 10.Qe2 d6 11.a4 b4 12.Na2 Nc6 13.Bd2 Qb7 14.c3 bxc3 15.bxc3 Nf6
16.Rab1 O-O 17.f4 Nd7 18.Kh1 Qc7 19.Nb4 Na5 20.Nxa5 Qxa5 21.Nc6  1-0

[Event "It B"]
[Site "Dos Hermanas ESP"]
[Date "2005.04.02"]
[Round "2"]
[White "Fernandez Romero,Ern"]
[Black "Teran Alvarez,I"]
[Result "1/2-1/2"]
[WhiteElo "2449"]
[BlackElo "2430"]

1.e4 c5 2.Nc3 e6 3.Nf3 a6 4.d4 cxd4 5.Nxd4 Qc7 6.Be3 Nf6 7.Bd3 Nc6 8.O-O h5
9.h3 b5 10.Nxc6 Qxc6 11.e5 Bb7 12.f3 Nd5 13.Bd4 Bc5 14.Be4 Qb6 15.Ne2 Nf4
16.Bf2 Bxe4 17.Nxf4 Bc6 18.Nd3  1/2-1/2

[Event "3rd ch-GER Internet Blitz KO"]
[Site "playchess INT"]
[Date "2005.04.03"]
[Round "1.1"]
[White "Movsesian,S"]
[Black "Drabke,L"]
[Result "1-0"]
[WhiteElo "2624"]
[BlackElo "2456"]

1.e4 c5 2.Nf3 e6 3.Nc3 a6 4.d4 cxd4 5.Nxd4 b5 6.Bd3 Qb6 7.Nb3 Qc7 8.O-O Bb7
9.f4 b4 10.Ne2 Nf6 11.e5 Nd5 12.Ned4 d6 13.Qh5 g6 14.Qe2 dxe5 15.fxe5 Bg7
16.Nf3 Nd7 17.Re1 O-O 18.Kh1 Rfc8 19.Bg5 Nc5 20.Nxc5 Qxc5 21.Rad1 a5 22.Qd2 Ba6
23.Be4 Ra7 24.Bh6 Bh8 25.Bxd5 Rd7 26.Qf4 Rxd5 27.Ng5 Rc7 28.Ne4 Rxd1 29.Rxd1 Qe7
30.Bg5 Rd7 31.Re1 Qf8 32.Bf6 Bb7 33.Nd6 Bxf6 34.Qxf6 Bd5 35.Rf1 Qg7 36.Ne8 Qf8
37.Nd6 Rc7 38.Rf2 Qe7 39.Qf4 Rc6 40.Nxf7 Rc8 41.Nh6+ Kg7 42.Ng4 Rf8 43.Qh6+ Kg8
44.Rxf8+ Qxf8 45.Nf6+ Kf7 46.Qxh7+ Qg7  1-0

[Event "3rd ch-GER Internet Blitz GpB"]
[Site "playchess INT"]
[Date "2005.04.03"]
[Round "1.3"]
[White "Haba,P"]
[Black "Drabke,L"]
[Result "0-1"]
[WhiteElo "2525"]
[BlackElo "2456"]

1.e4 c5 2.Nf3 e6 3.d4 cxd4 4.Nxd4 a6 5.Nc3 b5 6.Bd3 Qb6 7.Be3 Bc5 8.Be2 Nc6
9.Nxc6 dxc6 10.Bxc5 Qxc5 11.Qd3 Nf6 12.f4 e5 13.f5 Bb7 14.O-O-O Ke7 15.g4 Rhd8
16.Qf3 Rxd1+ 17.Rxd1 h6 18.h4 Rd8 19.g5 Rxd1+ 20.Nxd1 hxg5 21.hxg5 Nd7 22.Qh5 Qg1
23.f6+ gxf6 24.gxf6+ Kxf6 25.Bg4 Bc8 26.Qh4+ Kg6 27.Bf5+ Kg7 28.Qh7+ Kf8
29.Qh6+ Ke7 30.Qxc6 Qg5+ 31.Kb1 Qd2 32.Bg4 Kd8 33.a3 Qd4 34.Ka2 Qa7 35.Nc3 Qc7
36.Qxc7+ Kxc7 37.Nd5+ Kd6 38.b4 Bb7 39.Nc3 Nf6 40.Bf5 Bc6 41.Kb2 Nh5 42.Ne2 Ng7
43.Bh7 f6 44.Kc1 Ne6 45.Kd2 Ng5 46.Ke3 Nxh7  0-1

[Event "3rd ch-GER Internet Blitz KO"]
[Site "playchess INT"]
[Date "2005.04.03"]
[Round "2.2"]
[White "Naumann,A"]
[Black "Bischoff,K"]
[Result "1-0"]
[WhiteElo "2538"]
[BlackElo "2555"]

1.e4 c5 2.Nf3 e6 3.d4 cxd4 4.Nxd4 a6 5.Nc3 Qc7 6.Be2 Nf6 7.O-O Be7 8.f4 d6
9.a4 Nc6 10.Be3 O-O 11.Kh1 Nxd4 12.Bxd4 Bd7 13.Qe1 Bc6 14.Bd3 Nd7 15.a5 e5
16.Be3 exf4 17.Bxf4 Bf6 18.Qg3 Be5 19.Ne2 Rae8 20.c3 Bxf4 21.Rxf4 Re5 22.Nd4 g6
23.b4 Bb5 24.Bxb5 axb5 25.Raf1 Qc4 26.Qf3 d5 27.exd5 Qxd5 28.Qxd5 Rxd5 29.Re1 Ne5
30.Re3 Rc8 31.h3 Rc4 32.Rf6 Nc6 33.Nxc6 bxc6 34.Re7 Rf5 35.Rxf5 gxf5 36.Re8+ Kg7
37.a6  1-0

[Event "7th UI&UL GM"]
[Site "Dhaka BAN"]
[Date "2005.04.05"]
[Round "1"]
[White "Iuldachev,S"]
[Black "Ramu,K"]
[Result "1/2-1/2"]
[WhiteElo "2537"]
[BlackElo "2291"]

1.e4 c5 2.Nc3 e6 3.Nf3 a6 4.d4 cxd4 5.Nxd4 b5 6.Be2 Bb7 7.Bf3 Qc7 8.O-O d6
9.Re1 Nd7 10.a4 bxa4 11.Rxa4 Be7 12.Nb3 Bc6 13.Ra2 Ngf6 14.Na5 Ne5 15.Be2 Bd7
16.Nb3 Qb7 17.f4 Nc6 18.Bf3 e5 19.Nd5 Be6 20.f5 Bd7 21.c3 Bd8 22.Nd2 Nxd5
23.exd5 Ne7 24.Ne4 Nxf5 25.Kh1 Be7 26.c4 Qb8 27.c5 O-O 28.Bg4 Bc8 29.c6 Nd4
30.Bxc8 Qxc8 31.Be3 Nb5 32.Qh5 g6 33.Qh6  1/2-1/2

[Event "It D"]
[Site "Dos Hermanas ESP"]
[Date "2005.04.06"]
[Round "6"]
[White "Perez Perez,M"]
[Black "Melero Fidalgo,J"]
[Result "0-1"]
[WhiteElo "2048"]
[BlackElo "2207"]

1.e4 c5 2.Nf3 e6 3.d4 cxd4 4.Nxd4 a6 5.Nc3 b5 6.Bd3 Bb7 7.O-O Nf6 8.e5 Nd5
9.Ne4 Qc7 10.f4 Nb4 11.Be3 N8c6 12.Nf3 Nd5 13.Bd2 Ncb4 14.Nfg5 h6 15.Nxf7 Kxf7
16.Qh5+ Kg8 17.Qg6 Qd8 18.Bxb4 Bxb4 19.f5 exf5 20.Qxf5 Qb6+ 21.Kh1 Qe6 22.Qh5 Be7
23.Rf2 Rf8 24.Rxf8+ Bxf8 25.Rf1 g6 26.Nf6+ Qxf6 27.Qg4 Ne3 28.Rxf6 Nxg4 29.Rxg6+ Kf7
30.Rxg4 Bc5 31.b4 Be7 32.Rd4 Rg8 33.Bf1 Bc6 34.a4 Ke6 35.axb5 axb5 36.c4 Kxe5
37.Rd2 bxc4 38.Bxc4 Rg4 39.Re2+ Re4 40.Rxe4+ Bxe4 41.b5 d5 42.Be2 Bc5 43.h4 d4
44.Kh2 d3 45.Bd1 Kf4 46.g3+ Ke3 47.g4 Bf3  0-1

[Event "ch-RUS u18"]
[Site "Nojabrsk RUS"]
[Date "2005.04.06"]
[Round "1"]
[White "Beklarjan,L"]
[Black "Verzhansky,A"]
[Result "1/2-1/2"]
[WhiteElo "2232"]
[BlackElo "2360"]

1.e4 c5 2.Nf3 e6 3.d4 cxd4 4.Nxd4 a6 5.Nc3 Qc7 6.a3 Nc6 7.Be3 b5 8.Qd2 Bb7
9.f3 Nf6 10.Be2 Rc8 11.O-O Bd6 12.f4 Nxd4 13.Qxd4 e5 14.Qd2 Nxe4 15.Nxe4 Bxe4
16.Rad1 exf4 17.Bxf4 Bxf4 18.Rxf4 d5 19.Bf3 O-O 20.c3 Rfe8 21.Bxe4 dxe4 22.Qe3 Qe5
23.Rd7 Qe6 24.Qa7 Rf8 25.Re7 Qb3 26.Qd7 Rfd8 27.Rfxe4 Qd1+  1/2-1/2

[Event "Belgrade Cup"]
[Site "Belgrade SCG"]
[Date "2005.04.08"]
[Round "4"]
[White "Djuric,P"]
[Black "Jovicic,R"]
[Result "1/2-1/2"]
[WhiteElo "2228"]
[BlackElo "2283"]

1.e4 c5 2.Nf3 e6 3.d4 cxd4 4.Nxd4 a6 5.Nc3 Qc7 6.Bd3 Nc6 7.Nb3 Nf6 8.O-O Be7
9.f4 d6 10.Qe2 O-O 11.Kh1 b5 12.a3 Bb7 13.Bd2 Nd7 14.Rae1 Bf6 15.Nd1 Nd4
16.Nxd4 Bxd4 17.c3 Bf6 18.Ne3 Rad8 19.Ng4 Be7 20.f5 Nf6 21.Bg5 Nxg4 22.Bxe7 Qxe7
23.Qxg4 exf5 24.exf5 Qf6 25.Re3 Rfe8 26.Rfe1 Re5 27.Qd4 Rde8 28.Rxe5 dxe5
29.Qe3 e4 30.Rf1 h6 31.Be2 Re5 32.g4 Rd5 33.Kg1 Rd6 34.Rd1 Rxd1+ 35.Bxd1 h5
36.h3 Qe5 37.Be2 Bd5 38.b4 h4 39.Kf2 f6 40.Ke1 Kh7 41.Kf2 Qh2+ 42.Ke1 Qg2
43.Bf1 Qc2 44.Qd2 Qb1+ 45.Kf2 Bc4 46.Bxc4 bxc4 47.a4 Qa1 48.g5 fxg5 49.Qxg5 Qb2+
50.Kg1 Qb1+ 51.Kh2 Qc2+ 52.Qg2 Qxa4 53.Qxe4 Qa2+ 54.Qg2 Qb3 55.Qg6+  1/2-1/2

[Event "7th UI&UL GM"]
[Site "Dhaka BAN"]
[Date "2005.04.08"]
[Round "4"]
[White "Pg,MOAHirawan"]
[Black "Hasan,Me"]
[Result "0-1"]
[WhiteElo "2230"]
[BlackElo "2322"]

1.e4 c5 2.Nf3 e6 3.Nc3 a6 4.d4 cxd4 5.Nxd4 Nc6 6.Be2 Qc7 7.O-O Nf6 8.Be3 Bb4
9.Na4 Be7 10.Nxc6 bxc6 11.Nb6 Rb8 12.Nxc8 Qxc8 13.e5 Nd5 14.Bc1 Bc5 15.Bd3 Qc7
16.Qg4 Qxe5 17.Bd2 O-O 18.Rae1 Qxb2 19.Qh3 f5 20.g4 Qf6 21.c4 Ne7 22.Kh1 Rb2
23.Re2 Bd4 24.Rg1 c5 25.Bg5 Qxg5 26.gxf5 Qf6 27.fxe6 g6 28.Rxb2 Bxb2 29.exd7 Qc6+
30.f3 Rd8 31.Be4 Qxd7 32.Qg3 Qd6 33.Qh4 Qf6 34.Qf2 Bd4 35.Qd2 Rb8 36.Rg3 Rb2
37.Qa5 Qh4  0-1

[Event "7th UI&UL GM"]
[Site "Dhaka BAN"]
[Date "2005.04.08"]
[Round "5"]
[White "Sangma,R"]
[Black "Hossain,Mon"]
[Result "1-0"]
[WhiteElo "2311"]
[BlackElo "2170"]

1.e4 c5 2.Nf3 e6 3.d4 cxd4 4.Nxd4 a6 5.Nc3 Qc7 6.Bd3 b5 7.O-O Bb7 8.Qe2 Nc6
9.Nb3 Nf6 10.f4 d6 11.a4 b4 12.Nd1 Be7 13.a5 O-O 14.Kh1 Rfe8 15.Ne3 Bf8 16.Ng4 Qe7
17.Bd2 Nxg4 18.Qxg4 e5 19.f5 f6 20.Bc4+ Kh8 21.Rf3 Nd4 22.Rh3 d5 23.exd5 Qf7
24.Nxd4 exd4 25.Qxd4 Rac8 26.b3 Bd6 27.Rd1 Rcd8 28.Qh4 Qg8 29.Rf1 Re5 30.Be3 Rde8
31.Qf2 R8e7 32.Qd2 Qe8 33.Bf4 Re2 34.Bxe2 Rxe2 35.Re3 Rxe3 36.Qxe3 Qb5 37.Re1 Be5
38.Bxe5 Qxd5 39.Qg3 fxe5 40.Rxe5 Qd7 41.Re7 Qd1+ 42.Qe1 Bxg2+ 43.Kxg2 Qxc2+
44.Qe2 Qc6+ 45.Qe4  1-0

[Event "7th UI&UL GM"]
[Site "Dhaka BAN"]
[Date "2005.04.08"]
[Round "5"]
[White "Hossain,Enam"]
[Black "Prathamesh,S"]
[Result "1-0"]
[WhiteElo "2453"]
[BlackElo "2368"]

1.e4 c5 2.Nf3 e6 3.d4 cxd4 4.Nxd4 a6 5.Nc3 Qc7 6.Be2 Nf6 7.O-O Nc6 8.Be3 Be7
9.f4 d6 10.Kh1 O-O 11.Qe1 Bd7 12.Qg3 b5 13.a3 Nxd4 14.Bxd4 Bc6 15.Rae1 g6
16.Bf3 Rad8 17.b4 Bb7 18.Re3 Rd7 19.e5 dxe5 20.Bxe5 Qc8 21.Bxb7 Qxb7 22.Qh4 Nh5
23.Qxh5 f6 24.Qh3 Qc6 25.Bd4 Rxd4 26.Qxe6+ Qxe6 27.Rxe6 Bd6 28.g3 Kf7 29.Re4 Rxe4
30.Nxe4 Be7 31.Rd1 Rc8 32.Nd6+ Bxd6 33.Rxd6 a5 34.bxa5 Rxc2 35.a6 Rc4 36.Rb6 Ra4
37.Rxb5 Rxa3 38.Rb6 h5 39.Kg1 Ra1+ 40.Kf2 Ra2+ 41.Ke3 Rxh2 42.Kd4 Kg7 43.Kc5 Rg2
44.Rb7+ Kh6 45.a7 Ra2 46.Kb6 Rb2+ 47.Kc7 Ra2 48.Kb8 g5 49.fxg5+ Kxg5 50.a8=Q Rxa8+
51.Kxa8 Kg4 52.Rg7+ Kf3 53.Kb7 f5 54.Kc6 f4 55.gxf4 Kxf4 56.Rh7 Kg4 57.Kd5 h4
58.Ke4  1-0

[Event "7th UI&UL GM"]
[Site "Dhaka BAN"]
[Date "2005.04.11"]
[Round "8"]
[White "Satyapragyan,S"]
[Black "Fominyh,A"]
[Result "0-1"]
[WhiteElo "2401"]
[BlackElo "2505"]

1.e4 c5 2.Nf3 e6 3.d4 cxd4 4.Nxd4 a6 5.Nc3 b5 6.Bd3 Qb6 7.Nf3 Nc6 8.O-O Be7
9.Qe2 Qc7 10.Re1 d6 11.a4 b4 12.Nd1 Nf6 13.Ne3 O-O 14.Nc4 a5 15.e5 dxe5 16.Ncxe5 Nxe5
17.Nxe5 Nd5 18.Bd2 Bf6 19.f4 Ba6 20.Rac1 Bxd3 21.cxd3 Qb7 22.Nc4 Rfd8 23.Qf3 Qd7
24.b3 Ra6 25.Red1 h6 26.Kh1 Bd4 27.Be1 Nc3 28.Rd2 Nd5 29.Bh4 Rc8 30.Bf2 Bc3
31.Rdd1 Bf6 32.h3 Qd8 33.Re1 Bc3 34.Red1 Bf6 35.Re1 g6 36.Rf1 Rc7 37.Rcd1 Rd7
38.Bc5 Nc3 39.Rd2 Rd5 40.Be3 Rxd3 41.Qb7 Rxd2 42.Bxd2 Qa8 43.Qxa8+ Rxa8 44.g4 Rd8
45.Kg2 Ne4 46.Be1 Rd5 47.Rf3 Bc3 48.Re3 f5 49.Bg3 Kf7 50.Bh4 h5 51.gxf5 gxf5
52.Bg5 Nd2 53.Nxd2 Rxd2+ 54.Kf1 Rb2 55.Bd8 Rxb3 56.Bxa5 Ra3  0-1

[Event "7th Open"]
[Site "Dubai UAE"]
[Date "2005.04.12"]
[Round "9"]
[White "Safarli,E"]
[Black "Kobalia,M"]
[Result "0-1"]
[WhiteElo "2328"]
[BlackElo "2644"]

1.e4 c5 2.Nf3 e6 3.d4 cxd4 4.Nxd4 a6 5.Nc3 Qc7 6.g3 Bb4 7.Ne2 Be7 8.Bg2 d6
9.O-O Nf6 10.h3 Nc6 11.g4 b5 12.Ng3 Bb7 13.g5 Nd7 14.f4 g6 15.b3 h6 16.gxh6 Bf6
17.Bb2 Rxh6 18.Qd2 Rh7 19.f5 Be5 20.fxg6 fxg6 21.Nge2 O-O-O 22.Rad1 g5 23.Nb1  0-1

[Event "CES"]
[Site "Northeim GER"]
[Date "2005.04.16"]
[Round "6"]
[White "Dubinsky,L"]
[Black "Koenig,S"]
[Result "1-0"]
[WhiteElo "2192"]
[BlackElo "2101"]

1.e4 c5 2.Nf3 e6 3.d4 cxd4 4.Nxd4 a6 5.Nc3 d6 6.Be2 Nf6 7.O-O Be7 8.f4 Nbd7
9.a4 Qc7 10.Bf3 Rb8 11.Kh1 O-O 12.Qe1 Re8 13.g4 Nf8 14.Qg3 b6 15.g5 N6d7
16.Bg2 Bb7 17.f5 exf5 18.Nxf5 Ne5 19.h4 Qc4 20.b3 Qe6 21.Nd5 Bxd5 22.exd5 Qc8
23.Ba3 Qc7 24.Rae1 Rbd8 25.Rf2 b5 26.axb5 axb5 27.Bb4 Nfg6 28.h5 Nh8 29.Nd4 Rb8
30.Rfe2 Kf8 31.Nc6 Nxc6 32.dxc6 Qd8 33.Rxe7  1-0

[Event "TCh-HUN w"]
[Site "Budapest HUN"]
[Date "2005.04.20"]
[Round "2"]
[White "Gara,A"]
[Black "Papp,Ju"]
[Result "1/2-1/2"]
[WhiteElo "2400"]
[BlackElo "2121"]

1.e4 c5 2.Nf3 e6 3.d4 cxd4 4.Nxd4 a6 5.Nc3 b5 6.Bd3 Qb6 7.Nf3 Qc7 8.O-O d6
9.Bf4 Nd7 10.Re1 Ngf6 11.e5 dxe5 12.Nxe5 Qb6 13.Ne4 Bb7 14.Nxf7 Kxf7 15.Ng5+ Kg8
16.Rxe6 Qd8 17.Qe2 Bc5 18.Rd6 Qe8 19.Bc4+ bxc4 20.Qxc4+ Bd5 21.Rxd5 Nb6 22.Qxc5 Nbxd5
23.Bd2 h6 24.Nf3 Rc8 25.Qa7 Kh7 26.Re1 Qd7 27.Qxa6 Rhe8 28.Qd3+ Kg8 29.Ne5 Qc7
30.Qg3 Nh5 31.Qg4 Nhf6 32.Qg3 Nh5 33.Qg4 Nhf6 34.Qg3 Nh5  1/2-1/2

[Event "ch-UKR u20"]
[Site "Lviv UKR"]
[Date "2005.04.20"]
[Round "2"]
[White "Vovk,Y"]
[Black "Truskavetsky,A"]
[Result "1-0"]
[WhiteElo "2434"]
[BlackElo "2374"]

1.e4 c5 2.Nf3 e6 3.d4 cxd4 4.Nxd4 a6 5.Nc3 b5 6.Bd3 Qb6 7.Be3 Bc5 8.Be2 Nc6
9.Nxc6 dxc6 10.e5 Bxe3 11.fxe3 Ne7 12.Ne4 O-O 13.Qd4 Qc7 14.O-O-O Ng6 15.Qd6 Ra7
16.Qc5 Nxe5 17.Rd6 Nd7 18.Qc3 c5 19.Rhd1 c4 20.Bf3 a5 21.Qd2 b4 22.Qd4 Kh8
23.Ng5 h6 24.Rc6 Qb8 25.Nxf7+ Rxf7 26.Rxc8+ Qxc8 27.Qxa7 b3 28.Qxa5 Rf5 29.Qa7 Nc5
30.axb3 cxb3 31.Qa8 Qxa8 32.Bxa8 Rf2 33.cxb3 Nxb3+ 34.Kb1 Nd2+ 35.Ka1 Nc4
36.Rd8+ Kh7 37.b4 Nxe3 38.Be4+ g6 39.Rd7+ Kg8 40.b5 Nc4 41.Rd4 Nb6 42.Rd6 Na4
43.Rc6 Rf4 44.Bxg6 Rb4 45.Bc2 Nb2 46.Ka2 Rxb5 47.Rc3 Rb4 48.Rb3 Rh4 49.Kxb2 Rxh2
50.Be4 Kf7 51.Kc3 Kf6 52.Kd4 Rh5 53.Rf3+ Ke7 54.Rg3 Kd6 55.Bf3 Rh4+ 56.Rg4 Rh1
57.Rg6 Rh4+ 58.Ke3 Ke7 59.Rg4 Rh1 60.Kf4 Kf6 61.Kg3 Ra1 62.Rf4+ Kg5 63.Rg4+ Kf6
64.Be4 Ke5 65.Rh4 Ra7 66.Bf3 Rh7 67.Rh5+ Kf6 68.Kf4 Rf7 69.Be4 Kg7+ 70.Ke5 Ra7
71.Kxe6 Ra4 72.Kf5 Ra5+ 73.Kg4 Ra4 74.Kf4 Ra6 75.Rb5 Ra1 76.Rb7+  1-0

[Event "3rd V Nabokov Mem"]
[Site "Kiev UKR"]
[Date "2005.04.23"]
[Round "6"]
[White "Onischuk,V"]
[Black "Perun,S"]
[Result "1-0"]
[WhiteElo "2353"]
[BlackElo "2349"]

1.e4 c5 2.Nf3 e6 3.Nc3 a6 4.d4 cxd4 5.Nxd4 b5 6.Bd3 Qb6 7.Be3 Bc5 8.Be2 Nc6
9.Nxc6 dxc6 10.Bxc5 Qxc5 11.Qd3 Nf6 12.f4 e5 13.f5 h5 14.O-O-O Bb7 15.h3 h4
16.g3 hxg3 17.Qxg3 Ke7 18.Rhg1 Rh7 19.h4 Ke8 20.h5 Rd8 21.a3 Bc8 22.Kb1 Rxd1+
23.Rxd1 Bd7 24.Bf3 Kf8 25.Ne2 Be8 26.Nc1 Qe3 27.Rd3 Qf4 28.Qg1 Rxh5 29.Bxh5 Nxh5
30.Qc5+ Kg8 31.Qe7 Nf6 32.Rd8 Qxe4 33.Rxe8+ Nxe8 34.Qxe8+ Kh7 35.Qxf7 Qd5
36.Qg6+ Kh8 37.f6 gxf6 38.Qxf6+ Kg8 39.Qg6+ Kf8 40.Qd3 Qe6 41.Qe4 Ke7 42.Nd3 Kd6
43.Qb4+ Kc7 44.Qa5+ Kc8 45.Qxa6+ Kc7 46.Qa7+ Kc8 47.Nc5 Qd5 48.Qb7+ Kd8 49.Qb8+ Ke7
50.Qc7+ Kf6 51.Nd3 e4 52.Qf4+ Kg7 53.Nf2 Qd4 54.Qg4+ Kf6 55.Qf4+ Kg7 56.Nxe4 Qd1+
57.Qc1  1-0

[Event "62nd ch-POL"]
[Site "Poznan POL"]
[Date "2005.04.23"]
[Round "3"]
[White "Warakomski,T"]
[Black "Markowski,T"]
[Result "1/2-1/2"]
[WhiteElo "2384"]
[BlackElo "2560"]

1.e4 c5 2.Nf3 e6 3.d4 cxd4 4.Nxd4 a6 5.Nc3 b5 6.Bd3 d6 7.O-O Nf6 8.a4 b4
9.Na2 e5 10.Nf3 Nc6 11.Bd2 a5 12.c3 bxc3 13.Nxc3 Be7 14.Bb5 Bb7 15.Bg5 O-O
16.Bxf6 Bxf6 17.Nd5 Nb4 18.Nxb4 axb4 19.Qe1 Qa5 20.Nd2 Qa7 21.Nb3 d5 22.Qxb4 dxe4
23.Qc5 Qb8 24.Nd2 Qd8 25.Nc4 e3 26.Nxe3 Rc8 27.Qa7 Rc7 28.Rac1 Rxc1 29.Rxc1 Be4
30.Rd1 Qc8 31.Bd7 Qb8 32.Qxb8 Rxb8 33.Bb5 Be7 34.Kf1 Bc5 35.Rd7 h5 36.Rc7 Bb6
37.Re7 Bd4 38.b3 Kf8 39.Rd7 g6 40.Bc4 Rb7 41.Rxb7 Bxb7 42.Nc2 Bc3 43.f3 Ke7
44.Ke2 f5 45.b4 h4 46.h3 e4 47.f4 e3 48.Kd3 Bd2 49.Nxe3 Bxb4 50.Bd5 Ba6+
51.Bc4 Bb7 52.Ke2 Ba5 53.Bd5 Ba6+ 54.Kf3 Bd3 55.Nc4  1/2-1/2

[Event "62nd ch-POL"]
[Site "Poznan POL"]
[Date "2005.04.29"]
[Round "8"]
[White "Macieja,B"]
[Black "Markowski,T"]
[Result "0-1"]
[WhiteElo "2613"]
[BlackElo "2560"]

1.e4 c5 2.Nf3 e6 3.d4 cxd4 4.Nxd4 a6 5.Nc3 b5 6.Bd3 d6 7.O-O Nf6 8.a4 b4
9.Na2 Qb6 10.a5 Qxa5 11.Bd2 Qb6 12.Bxb4 Bb7 13.Re1 Be7 14.Qd2 a5 15.Ba3 Nbd7
16.Nf3 Nc5 17.Qe3 Nfd7 18.Nc3 O-O 19.Bb5 Rfc8 20.Rad1 Nf6 21.Nd2 Qc7 22.Bf1 Qb8
23.f3 Ba6 24.Bxa6 Rxa6 25.Qe2 Rac6 26.Nf1 Nfd7 27.Ne3 Bg5 28.Nc4 Nb7 29.b3 Ne5
30.Nxe5 Rxc3 31.Ng4 h5 32.Qb5 R3c5 33.Bxc5 Rxc5 34.Qe2 hxg4 35.fxg4 Qc7 36.c4 Re5
37.Qd3 Be7 38.Qf3 Nc5 39.Re3 Bg5 40.Re2 Qb6 41.Kh1 Nxb3 42.Rf2 f6 43.g3 Nc5
44.Re2 Qc6 45.h4 Bh6 46.Rde1 Nd7 47.Rf2 g6 48.g5 Bg7 49.gxf6 Nxf6 50.Rfe2 Rc5
51.g4 Rxc4 52.g5 Rc3 53.Re3 Rxe3 54.Qxe3 Nd7 55.h5 gxh5 56.Qh3 Nf8 57.Qxh5 a4
58.g6 a3 59.Qe2 Qc3 60.Qf2 a2  0-1

[Event "SME Open"]
[Site "Ostrava CZE"]
[Date "2005.04.30"]
[Round "1"]
[White "Tylecek,D"]
[Black "Potomak,V"]
[Result "0-1"]
[WhiteElo "2031"]
[BlackElo "2185"]

1.e4 c5 2.Nf3 e6 3.d4 cxd4 4.Nxd4 a6 5.Nc3 Qc7 6.Be2 Nf6 7.O-O Nc6 8.Be3 Bb4
9.f3 O-O 10.Nxc6 bxc6 11.Qd4 c5 12.Qc4 Bb7 13.a3 d5 14.exd5 exd5 15.Qf4 Qxf4
16.Bxf4 Ba5 17.Bd6 Rfe8 18.Kf2 Rac8 19.Na4 Bd2 20.Bxc5 Rxc5 21.Nxc5 Be3+
22.Ke1 Bxc5 23.Kd1 d4 24.Bd3 Nd5 25.Kd2 Ne3 26.Rfe1 g6 27.c3 f5 28.b4 Bb6
29.cxd4 Bxd4 30.Rac1 Bb6 31.a4 f4 32.a5 Bd8 33.Be4 Bxe4 34.fxe4 Be7 35.Rb1 Rd8+
36.Ke2 Nc2 37.Red1 Rxd1 38.Rxd1 Nxb4 39.Kf3 g5 40.h4 h6 41.Rd7 Kf7 42.Rb7 Ke6
43.Rb6+ Bd6 44.hxg5 hxg5 45.Kg4 Ke5 46.Kxg5 Bc5 47.Rb8 Be7+ 48.Kg4 Kxe4 49.Rb6 Ke5
50.g3 fxg3 51.Kxg3 Kd5 52.Kf3 Kc5 53.Rb8 Bd6 54.Rg8 Kb5 55.Ke4 Bc5 56.Rc8 Nc6
57.Kd3 Nxa5 58.Rb8+ Bb6 59.Kc3 Nc6 60.Rc8 a5 61.Rg8 Bd4+ 62.Kb3 a4+ 63.Ka2 Bc5
64.Rg5 Nd4 65.Rg8 Ne2 66.Rb8+ Kc4 67.Rc8 Nc3+ 68.Kb2 a3+ 69.Ka1 Ne2 70.Ka2 Nc3+
71.Ka1 Nb5 72.Ka2 Kb4 73.Rb8 Ka4 74.Ra8+ Ba7 75.Rc8 Kb4 76.Rd8 Bd4 77.Rb8 Bf2
78.Kb1 Kc4 79.Rc8+ Kb3  0-1

[Event "Open A"]
[Site "Djakovo CRO"]
[Date "2005.05.04"]
[Round "6"]
[White "Nevednichy,V"]
[Black "Markus,R"]
[Result "1-0"]
[WhiteElo "2566"]
[BlackElo "2584"]

1.e4 c5 2.Nf3 e6 3.Nc3 a6 4.d4 cxd4 5.Nxd4 Qc7 6.f4 Nc6 7.Nb3 d6 8.Bd3 Nf6
9.O-O Be7 10.Qe2 O-O 11.Bd2 b5 12.Rae1 Nd7 13.Kh1 Bh4 14.Rc1 Bf6 15.Nd1 Bb7
16.c4 b4 17.c5 dxc5 18.e5 Be7 19.Nf2 Qb6 20.Qh5 g6 21.Qh6 Nd4 22.Nxd4 cxd4
23.Ng4 Rfc8 24.Rce1 Bf8 25.Qh3 h5 26.Nf6+ Nxf6 27.exf6 Rc5 28.Qg3 Rf5 29.Re5 Rxf6
30.Rxh5 Bg7 31.Rg5 Rf5 32.Bxf5 exf5 33.h4 Be4 34.h5 Bh6 35.hxg6 Bxg5 36.gxf7+ Kxf7
37.fxg5 Rc8 38.Qe5 Re8 39.Qh2 Kg7 40.Bf4 Qe6 41.Kg1 d3 42.Rc1 d2 43.Rc7+ Re7
44.Be5+ Kf8 45.Qh8+ Kf7 46.Qh5+ Kf8 47.Qh8+ Kf7 48.Qh5+ Kf8 49.Rc5 Qxe5 50.Rxe5 Rxe5
51.Qh8+ Kf7 52.Qf6+ Kg8 53.Qd8+ Kf7 54.Qxd2 Re6 55.Qd7+ Re7 56.g6+ Kf6 57.Qd8 Ke6
58.Qg8+ Kf6 59.Qf8+  1-0

[Event "SME Open"]
[Site "Ostrava CZE"]
[Date "2005.05.04"]
[Round "5"]
[White "Kolar,St"]
[Black "Hradecky,I"]
[Result "0-1"]
[WhiteElo "2157"]
[BlackElo "2056"]

1.e4 c5 2.Nf3 e6 3.Nc3 a6 4.d4 cxd4 5.Nxd4 Qc7 6.Be3 Bb4 7.Ne2 Nf6 8.a3 Be7
9.g3 Nc6 10.Bg2 b5 11.O-O Bb7 12.h3 O-O 13.f4 d6 14.Qe1 b4 15.Na4 d5 16.Bb6 Qb8
17.e5 Ne4 18.Bxe4 dxe4 19.Qf2 Rc8 20.Rfd1 Bf8 21.c4 bxc3 22.Nexc3 Ne7 23.Bc5 e3
24.Bxe3 Nf5 25.Bb6 Bc6 26.b4 Qb7 27.g4 Ne7 28.Bc5 Bxa4 29.Nxa4 Nd5 30.Bxf8 Rxf8
31.Nc5 Qb5 32.f5 a5 33.f6 gxf6 34.exf6 axb4 35.axb4 Qxb4 36.Rab1 Qc3 37.Rb3 Qxf6
38.Rf3 Qg7 39.Kg2 Ra5 40.Rf1 Raa8 41.h4 Rab8 42.Qg3 e5 43.Rf5 Nf4+ 44.Kh1 Qh6
45.Rxe5 Qc6+ 46.Qf3 Qxf3+ 47.Rxf3 Rb1+ 48.Kh2 Rb2+ 49.Kg3 Ne2+ 50.Kg2 Nf4+
51.Kf1 Ng6 52.Rh5 Ra8 53.Nd3 Ra1+ 54.Ne1 Rh2 55.Re3 Raa2 56.Kg1 Nf4 57.Rg5+ Kf8
58.Ra5 Rad2 59.Raa3 Rxh4 60.g5 Rg4+ 61.Kf1 Rxg5 62.Rf3 Rh5 63.Rg3 Rh1+ 64.Rg1 Rhh2
65.Ra8+ Ke7 66.Ra7+ Kd6 67.Ra6+ Kc7 68.Ng2 Nxg2 69.Ra3 Nf4 70.Rf3 Rd1+  0-1

[Event "SME Open"]
[Site "Ostrava CZE"]
[Date "2005.05.04"]
[Round "5"]
[White "Vesely,L"]
[Black "Caletka,R"]
[Result "0-1"]
[WhiteElo "2084"]
[BlackElo "2183"]

1.e4 c5 2.Nf3 e6 3.d4 cxd4 4.Nxd4 a6 5.Nc3 Qc7 6.Bd3 Nc6 7.Be3 Nf6 8.O-O Be7
9.Qe2 O-O 10.f4 d6 11.h3 Re8 12.Qf2 Nd7 13.f5 Nde5 14.Qg3 Bf8 15.Nxc6 bxc6
16.Bd4 a5 17.h4 Kh8 18.Ne2 Nxd3 19.cxd3 e5 20.Bc3 f6 21.Rac1 d5 22.Kh1 Qb6
23.exd5 cxd5 24.d4 Ba6 25.Rfe1 Bxe2 26.Rxe2 exd4 27.Rxe8 Rxe8 28.Bd2 Qxb2
29.Qd3 Bd6 30.Kg1 Qxa2 31.Qxd4 Be5 32.Qd3 d4 33.Qb5 Ra8 34.Bxa5 h6 35.Be1 Rb8
36.Qd3 Qd5 37.Rc4 Rb2 38.Rc2 Rxc2 39.Qxc2 d3 40.Qc8+ Kh7 41.Qe8 Bd4+  0-1